Central Library OPAC University of Rajshahi
Normal view MARC view

Entry Topical Term

Number of records used in: 2

001 - CONTROL NUMBER

  • control field: 5070

003 - CONTROL NUMBER IDENTIFIER

  • control field: BD-RjUL

005 - DATE AND TIME OF LATEST TRANSACTION

  • control field: 20220929125331.0

008 - FIXED-LENGTH DATA ELEMENTS

  • fixed length control field: 220929|| aca||aabn | a|a d

040 ## - CATALOGING SOURCE

  • Original cataloging agency: BD-RjUL
  • Transcribing agency: BD-RjUL

150 ## - HEADING--TOPICAL TERM

  • Topical term or geographic name entry element: Poetry
  • General subdivision: Indexes

670 ## - SOURCE DATA FOUND

  • Source citation: Work cat.: (BD-RjUL)80465: Index to fifty years of Poetry, a magazine of verse, volumes 1-100, 1912-1962 /, 1963.